000 00612nam a2200241Ia 4500
003 OSt
005 20220924150952.0
006 a|||||r|||| 00| 0
007 ta
008 220923b |||||||| |||| 00| 0 ara d
024 _a335399
037 _cTextual
040 _aARTS
_cARTS
_bara
041 _2ara
_aara
082 _aO28:gxM87,1, K1
100 _aMoosi Salam Au.
_9223311
245 0 _aAl-adabul shaib
260 _c1961
650 _a CRITICISM
_931425
650 _aARABIC LITERATURE
942 _hO28:gxM87,1, K1
_cTEXL
_2CC
999 _c465124
_d465124